Normal view
MARC view
- المالية -تحليل
Entry Topical Term
001 - CONTROL NUMBER
- control field: 27976
003 - CONTROL NUMBER IDENTIFIER
- control field: JO-AjAnu
005 - DATE AND TIME OF LATEST TRANSACTION
- control field: 20230606074739.0
008 - FIXED-LENGTH DATA ELEMENTS
- fixed length control field: 230606|| aca||aabn | a|a d
040 ## - CATALOGING SOURCE
- Original cataloging agency: JO-AjAnu
- Transcribing agency: JO-AjAnu
150 ## - HEADING--TOPICAL TERM
- Topical term or geographic name entry element: المالية -تحليل
670 ## - SOURCE DATA FOUND
- Source citation: Work cat.: (JO-AjAnu)14362: تاليف: الحيالي، وليد ناجي, author 27975, الاتجاهات المعاصرة في التحليل المالي: منهج علمي وعملي متكامل